00534nam a22001817a 4500003000900000008004100009040007100050082002200121100001700143245002600160260004800186300002600234505002400260650001200284650001500296650001400311700002700325AR-CdUCM190404b           ||||| |||| 00| 0 spa d  aMUNICIPALIDAD PROVINCIAL DEL CUSCOcBIBLIOTECA MUNICIPAL DEL CUSCO  a171 /bM11 / 1828  aMably, Abate  aPrincipios de moral /  aParís :bEn casa de Rosa, librero,c1828.  a218 paginas ;c17 cm.  aContenido :La moral  aDeberes  aDisciplina  aMoralidad  aPeñafiel (Traductor)